| 000 | 00718nam a2200241Ia 4500 | ||
|---|---|---|---|
| 003 | OSt | ||
| 005 | 20220918195425.0 | ||
| 006 | a|||||r|||| 00| 0 | ||
| 007 | ta | ||
| 008 | 220917b |||||||| |||| 00| 0 eng d | ||
| 024 | _a84,891 | ||
| 037 | _cTextual | ||
| 040 |
_aARTS _cARTS _beng |
||
| 041 |
_2eng _aeng |
||
| 082 | _aS8:4, N6 (SD) | ||
| 100 | _aBaltes Paul B ed | ||
| 245 | 0 |
_aInteractive minds _b life span perspectives on the social foundation of cognition |
|
| 260 |
_aCambridge _bCUP _c1996 |
||
| 650 | _aSOCIAL PSYCHOLOGY | ||
| 700 |
_a Staudinger Ursula M ed _990286 |
||
| 942 |
_hS8:4, N6 (SD) _cTEXL _2CC |
||
| 999 |
_c208605 _d208605 |
||